| 000 | 00000nam 2200000za 4500 |
| 001 | 9.695650 |
| 003 | CaOODSP |
| 005 | 20210624234655 |
| 007 | cr ||||||||||| |
| 008 | 150407s1999 onc|||||o f|0| 0 eng d |
| 040 | |aCaOODSP|beng |
| 043 | |an-cn--- |
| 086 | 1 |aD82-39/1999E-PDF |
| 245 | 00|aBe prepared not scared |h[electronic resource] : |bemergency preparedness starts with you. |
| 260 | |aOttawa : |bOffice of Critical Infrastructure Protection and Emergency Preparedness, |cc1999. |
| 300 | |a20 p. |
| 500 | |aThe catalogue number (D82-39/1999E) and ISBN (0-662-27591-8) for the print edition have been incorrectly copied in this electronic publication. |
| 590 | |a12-20-Supp|b2012-05-09 |
| 690 | 07|aEmergency preparedness|2gcpds |
| 710 | 1 |aCanada.|bOffice of Critical Infrastructure Protection and Emergency Preparedness. |
| 775 | 08|tSe préparer non s'inquiéter |w(CaOODSP)9.639783 |
| 776 | 0#|tBe prepared not scared : |w(CaOODSP)9.647246 |
| 794 | |tBe prepared not scared |w(CaOODSP)9.686303 |
| 856 | 40|ahttp://publications.gc.ca|qPDF|s44 KB|uhttps://publications.gc.ca/collections/Collection/D82-39-1999E.pdf |